A true collection of the writings of the author of The true born English-man.

Bibliographic Details
Main Author: Defoe, Daniel, 1661?-1731
Format: eBook
Language:English
Edition:The second edition corrected and enlarg'd by himself.
Series:Eighteenth century collections online.
Online Access:Full text online

MARC

Tag First Indicator Second Indicator Subfields
LEADER 00000cam a2200000 4500
001 in00001925204
006 m | d |
007 cr |n||||||||n
008 791208s1705 enk|||| s 00||||eng d
005 20260414175220.7
035 |a (CStRLIN)ESTCT71954 
040 |a Uk-ES  |c Uk-ES  |d Cu-RivES  |d CStRLIN  |d Thomson Gale  |d UtOrBLW 
100 1 |a Defoe, Daniel,  |d 1661?-1731. 
243 1 0 |a Works 
245 1 2 |a A true collection of the writings of the author of The true born English-man. 
250 |a The second edition corrected and enlarg'd by himself. 
264 3 |a London :  |b printed, and are to be sold by most booksellers in London and Westminster,  |c 1705. 
300 |a 24 unnumbered pages, 470p., plate :  |b portrait ;  |c 8⁰. 
336 |a text  |b txt  |2 rdacontent 
337 |a computer  |b c  |2 rdamedia 
338 |a online resource  |b cr  |2 rdacarrier 
500 |a Preface signed: D. F., i.e. Daniel Defoe. 
500 |a A second volume appeared in 1705. 
500 |a Reproduction of original from the British Library. 
510 4 |a Moore,  |c 91 
510 4 |a English Short Title Catalog,  |c ESTCT71954. 
533 |a Electronic reproduction.  |b Farmington Hills, Mich. :  |c Thomson Gale,  |d 2003.  |n Available via the World Wide Web.  |n Access limited by licensing agreements  |7 s2003 miunns 
500 |a Electronic resource. 
830 0 |a Eighteenth century collections online. 
856 4 0 |u http://proxy.library.tamu.edu/login?url=https://galenet.galegroup.com/servlet/ECCO?c=1&stp=Author&ste=11&af=BN&ae=T071954&tiPG=1&dd=0&dc=flc&docNum=CW113050515&vrsn=1.0&srchtp=a&d4=0.33&n=10&SU=0LRK&locID=txshracd2898  |z Full text online  |t 0 
999 |a MARS 
999 f f |s 680d5a58-8cb4-3043-8bdf-c83b8bc6203b  |i 9f9c1c73-85c8-31c7-97eb-0a5165373aa7  |t 0 
952 f f |a Texas A&M University  |b College Station  |c Electronic Resources  |s www_evans  |d Available Online  |t 0  |h No information provided 
998 f f |t 0  |l Available Online